000 00888cab a2200253 4500
001 WB3405-22
008 090401t1998 xxu||||| |||| 00| 0 eng d
035 _a(Sirsi) u83577
041 _aeng
245 _aNew inward investment Internet site
260 _c1998
350 _a0
490 _aEnglish Partnerships Press Release
_v4 February 1998, (2)
520 _aA new Internet site "The Strategic Sites Database" has been developed by English Partnerships to provide up to date information on regional investment opportunities. www.englishpartnerships.co.uk
650 _aENGLISH PARTNERSHIPS
650 _aINTERNET
650 _aINWARD INVESTMENT
650 _aREGIONAL DEVELOPMENT
650 _aSTRATEGIC SITES DATABASE
650 _aURBAN REGENERATION AGENCY
690 _aMANAGEMENT-BUSINESS MANAGEMENT-INFORMATION MANAGEMENT
942 _n0
948 _c06/02/1998
999 _c52798
_d52798